| 000 | 01912nam0a2200337 4500 | ||
|---|---|---|---|
| 001 | RU\NLR\bibl\1093651 | ||
| 005 | 20070619120742.0 | ||
| 010 |
_a5-94991-030-3 _930 |
||
| 021 |
_aRU _b2007-27424 _91459 |
||
| 035 | _a(NLR Aleph) 001080776 | ||
| 090 |
_a1057100 _c1057100 |
||
| 100 | _a20070531d2006 u y0rusy50 ca | ||
| 101 | 0 | _arus | |
| 102 | _aRU | ||
| 105 | _aa ||||||||| | ||
| 200 | 1 |
_aРусская православная церковь и уголовно-исполнительная система: истоки сотрудничества _eучебное пособие _fО.Б. Молодов _gФедер. служба исполнения наказаний, Вологод. ин-т права и экономики |
|
| 210 |
_aВологда _cВИПЭ ФСИН России _d2006 |
||
| 215 |
_a94 с. _cил. _d21 |
||
| 320 | _aБиблиогр.: с. 90-93 (37 назв.) и в подстроч. примеч. | ||
| 601 | 0 | 2 |
_aРусская православная церковь _jУчебные издания для высших учебных заведений _xВзаимоотношения _xУголовно-исполнительная система _yРоссийская Федерация _92475758 _3RU\NLR\auth\661470063 |
| 606 | 1 |
_aУголовно-исполнительная система _jУчебные издания для высших учебных заведений _xВзаимоотношения с Русской православной церковью _yРоссийская Федерация _92475753 _3RU\NLR\auth\661470060 |
|
| 686 | _aЭ372.24-374-021.5 | ||
| 686 | _aХ628.4я73 | ||
| 700 | 1 |
_aМолодов _bО. Б. _gОлег Борисович _4070 |
|
| 801 | 0 |
_aRU _bNLR _c20070531 _gRCR |
|
| 801 | 1 |
_aRU _bNLR _c20070531 |
|
| 830 | _aпо кн. | ||
| 942 | _cBOOK | ||
| 980 | _aNB | ||